| 000 | 00506 a2200181 4500 | ||
|---|---|---|---|
| 003 | OSt | ||
| 005 | 20231205090551.0 | ||
| 008 | 231205b |||||||| |||| 00| 0 eng d | ||
| 020 | _a97889389649185 | ||
| 040 | _coclc | ||
| 082 |
_a894.8129 _bNOR/M |
||
| 100 |
_aNoronha, Francis _96696 |
||
| 245 |
_aMundanparunki / _cFrancis Noronha |
||
| 250 | _a1st ed. | ||
| 260 |
_aKottayam: _bManorama Books, _c2020. |
||
| 300 | _a136p. | ||
| 942 |
_2ddc _cBK _h894.8129 _iNOR/M _k894.8129 _mNOR/M |
||
| 999 |
_c43964 _d43964 |
||